Najlacnejšie nie je vždy najlepšie Nedávne i súčasné výsledky Slovnaftu, a.s., Bratislava komentuje jeho generálny riaditeľ Ing. Slavomír Hatina

Bibliographic Details
Main Authors: Hatina, Slavomír (Author), Oujezdská, Lena (Author)
Format: Article
Language:Slovak
PhysicalDescription:Fotogr. 1
ISSN:0862-9567
Subjects:

MARC

LEADER 00000nab a2200000 a 4500
001 vtls000599248
003 SK-MaSNL
005 20260303015815.0
008 160202c1996 xo 0 slo
015 |a SNBRB19rr/mm-uuuuu 
035 |a CL0599387 
040 |a SNKBUCL  |b slo  |c SNKBUCL  |e AACR2 
041 0 |a slo 
044 |a xo  |c SK 
080 |a 665.6:061.5(437.6)  |2 1981 
100 1 |a Hatina, Slavomír  |4 aut  |9 12175 
245 1 0 |a Najlacnejšie nie je vždy najlepšie  |b Nedávne i súčasné výsledky Slovnaftu, a.s., Bratislava komentuje jeho generálny riaditeľ Ing. Slavomír Hatina  |c Slavomír Hatina, Lena Oujezdská 
300 |b Fotogr. 1 
650 0 7 |a Slovnaft, a.s., Bratislava  |2 snkbucl  |9 898527 
655 7 |a články z novín a časopisov  |2 snkbucl  |9 267496 
700 1 |a Oujezdská, Lena  |4 aut  |9 889092 
773 0 |t Hospodárske noviny  |g Roč. 4, č. 164 (22. 8. 1996), s. 1 a 5  |x 0862-9567 
850 |a Slovenská národná knižnica v Martine  |a MTA001 
852 |a SNK  |b KIS3GCP 
957 |a 5100 
958 |a RK 
958 |a SK 
992 |a RBX 
999 |c 1614821  |d 1616751